[Event "Hebraica op 31st"]
[Site "Hebraica"]
[Date "2023.07.02"]
[Round "5"]
[White "Gildin, Patrick"]
[Black "Bokhonok, Tatiana dos Santos"]
[Result "0-1"]
[WhiteElo "1800"]
[BlackElo "1505"]
[PlyCount "36"]
[EventDate "2023.06.30"]
[EventType "swiss"]
[EventRounds "6"]
[EventCountry "BRA"]
[SourceTitle "CBM 215 Extra"]
[Source "ChessBase"]
[SourceDate "2023.09.30"]
[SourceVersion "1"]
[SourceVersionDate "2023.09.30"]
[SourceQuality "1"]

1. e4 c5 2. Nf3 e6 3. d4 cxd4 4. Nxd4 Nf6 5. Nc3 Bb4 6. Bd2 Bxc3 7. Bxc3 Nxe4 8. Bc4 Nxc3 9. bxc3 d5 10. Bb5+ Bd7 11. Bxd7+ Qxd7 12. 0-0 0-0 13. Qg4 Nc6 14. Nxc6 Qxc6 15. Qg3 Rac8 16. h4 Qxc3 17. f3 Qd4+ 18. Kh1 Rc4 0-1

[Event "Hebraica op 31st"]
[Site "Hebraica"]
[Date "2023.06.30"]
[Round "1"]
[White "Machado, Marcos Donizete"]
[Black "Gildin, Patrick"]
[Result "1-0"]
[WhiteElo "1529"]
[BlackElo "1800"]
[PlyCount "71"]
[EventDate "2023.06.30"]
[EventType "swiss"]
[EventRounds "6"]
[EventCountry "BRA"]
[SourceTitle "CBM 215 Extra"]
[Source "ChessBase"]
[SourceDate "2023.09.30"]
[SourceVersion "1"]
[SourceVersionDate "2023.09.30"]
[SourceQuality "1"]

1. e4 e5 2. Nf3 Nc6 3. Bb5 Nf6 4. d3 Bc5 5. 0-0 0-0 6. Bxc6 dxc6 7. Nxe5 Re8 8. Nf3 Bg4 9. h3 Bh5 10. Nc3 Qd7 11. Re1 Qe7 12. Be3 Bxe3 13. Rxe3 Nd7 14. Qe1 Bxf3 15. Rxf3 Ne5 16. Rg3 Rad8 17. Qe3 Ng6 18. Qxa7 Qb4 19. Rb1 c5 20. Qa4 Qxa4 21. Nxa4 Nf4 22. Kf1 b6 23. Nc3 c6 24. a3 b5 25. Rg4 Ne6 26. Ne2 Nd4 27. Rc1 Rd7 28. Nf4 Red8 29. Nh5 Rd6 30. Rxg7+ Kf8 31. Rxh7 Kg8 32. Rg7+ Kf8 33. Rg4 Rh6 34. Ng3 Rdd6 35. c3 Ne6 36. Nf5 1-0